#1 Songs on the Billboard Hot 100 - 2021 - Statistics

General Stats
  • This quiz has been taken 73 times
    39 since last reset
  • The average score is 10 of 19
Answer Stats
Artist Weeks Spent at #1 Song % Correct
Mariah Carey 2 (Jan 2, Dec 25) All I Want for Christmas is You
87%
Olivia Rodrigo 8 (Jan 23 - March 13) Drivers License
82%
24kGoldn featuring Iann Dior 2 (Jan 9 - 16) Mood
74%
Olivia Rodrigo 1 (May 29) Good 4 U
68%
The Weeknd and Ariana Grande 2 (May 8 - 15) Save Your Tears
68%
Lil Nas X 1 (Apr 10) Montero (Call Me by Your Name)
66%
The Kid Laroi and Justin Bieber 7 (Aug 14 - Sep 4, Sep 25 - Oct 2, 16) Stay
66%
Lil Nas X and Jack Harlow 1 (Oct 23) Industry Baby
61%
BTS 9 (June 5 - July 17, July 31 - Aug 7, Sep 11) Butter
55%
Adele 7 (Oct 30 - Nov 20, Dec 4 - 18) Easy On Me
55%
Justin Bieber featuring Daniel Caesar and Giveon 1 (Apr 3) Peaches
55%
Silk Sonic (Bruno Mars and Anderson .Paak) 2 (Apr 17, May 22) Leave the Door Open
50%
Cardi B 1 (Mar 27) Up
45%
Taylor Swift 1 (Nov 7) All Too Well (Taylor's Version)
39%
Coldplay and BTS 1 (Oct 9) My Universe
39%
BTS 1 (July 24) Permission to Dance
34%
Drake feat. Future and Young Thug 1 (Sep 18) Way 2 Sexy
34%
Polo G 2 (Apr 24 - May 1) Rapstar
32%
Drake 1 (Mar 20) What’s Next
26%
No matching quizzes found
Score Distribution
Percent of People with Each Score
Percentile by Number Answered
Your Score History
You have not taken this quiz since the last reset